| 000 | 01004nam a2200217Ia 4500 | ||
|---|---|---|---|
| 003 | OSt | ||
| 005 | 20210910132237.0 | ||
| 008 | 210310s1930 ck ad gr 000 0 spa d | ||
| 040 |
_aCO-JMCR _cCO-JMCR |
||
| 041 | 0 | _aspa | |
| 082 | 0 | 4 |
_a338.27282 / _bG659e _223 |
| 100 | 1 |
_aGonzalez B., Sady, _eautora _928227 |
|
| 245 | 1 | 0 |
_aEstudio económico sobre el problema del petróleo en Colombia / _cSady Gonzalez B. |
| 260 |
_aBogotá : _bEscuela tipográfica salesiana, _c1930. |
||
| 300 |
_a70 páginas : _bilustraciones y gráficas en blanco y negro ; _c23 cm. |
||
| 505 | 0 | _aGeneralidades. -- La industria del petróleo en Colombia. -- Valor y precio del curdo y refinados. -- Puntos de vista del problema del petróleo en Colombia. -- Impuestos al petróleo. -- Observaciones al proyecto de ley del petróleo. | |
| 650 | 1 | 4 |
_aPetróleo _zColombia _y1930 _928229 |
| 650 | 2 | 4 |
_aProblemas _vPetróleo _y1930. _zColombia _940242 |
| 650 | 2 | 4 |
_aImpuestos al petróleo _y1930. _zColombia _940243 |
| 942 |
_2ddc _cBK |
||
| 999 |
_c12434 _d12434 |
||